| 000 | 00309nam a22001097a 4500 | ||
|---|---|---|---|
| 082 | _a621.3848 POV'A | ||
| 100 |
_aPOVEJSIL, DONALD J, WATERMAN, P, RAVEN, R. S _959016 |
||
| 245 | _aAIRBORNE RADAR PRINCIPLES OF GUIDED MISSILE DESIGN | ||
| 260 |
_aLONDON _bD. VAN NOSTRAND _c1961 |
||
| 300 | _a823P | ||
| 942 | _cBK | ||
| 999 |
_c569077 _d569077 |
||